[Event "ROM-ch U14"]
[Site "Baile Felix"]
[Date "2017.02.08"]
[Round "8"]
[White "Cucoanes, Andrei"]
[Black "Purece, Victor"]
[Result "0-1"]
[WhiteElo "1350"]
[BlackElo "1501"]
[PlyCount "86"]
[EventDate "2017.02.02"]
[EventType "swiss"]
[EventRounds "9"]
[EventCountry "ROU"]
[SourceTitle "CBM 176 Extra"]
[Source "ChessBase"]
[SourceDate "2017.03.02"]
[SourceVersion "1"]
[SourceVersionDate "2017.03.02"]
[SourceQuality "1"]

1. d4 d5 2. c4 e6 3. Nc3 Nf6 4. Bg5 Nbd7 5. Nf3 Be7 6. e3 0-0 7. Rc1 b6 8. Bd3 Bb7 9. a3 c5 10. 0-0 Ne4 11. Bxe7 Qxe7 12. Nd2 Ndf6 13. f3 cxd4 14. exd4 Nxd2 15. Qxd2 dxc4 16. Bxc4 Rfd8 17. Qf2 Rac8 18. Ne2 a6 19. a4 Qb4 20. b3 b5 21. Bd3 Qxb3 22. Be4 Bd5 23. axb5 Rxc1 24. Nxc1 Qxb5 25. Nd3 Rc8 26. Nf4 Bxe4 27. fxe4 Nxe4 28. Qf3 Nf6 29. Qa3 Qc4 30. Qd6 a5 31. Qe5 a4 32. h3 h6 33. Nh5 Nxh5 34. Qxh5 Qxd4+ 35. Kh1 Rf8 36. Rd1 Qb4 37. g4 Qe4+ 38. Kg1 Qe3+ 39. Kf1 Qf3+ 40. Ke1 a3 41. Qc5 a2 42. Qd4 Rb8 43. Qa1 Rb1 0-1

[Event "ROM-ch U14"]
[Site "Baile Felix"]
[Date "2017.02.04"]
[Round "3"]
[White "Chivulescu, Adrian Alexandru"]
[Black "Purece, Victor"]
[Result "1-0"]
[WhiteElo "1810"]
[BlackElo "1501"]
[PlyCount "169"]
[EventDate "2017.02.02"]
[EventType "swiss"]
[EventRounds "9"]
[EventCountry "ROU"]
[SourceTitle "CBM 176 Extra"]
[Source "ChessBase"]
[SourceDate "2017.03.02"]
[SourceVersion "1"]
[SourceVersionDate "2017.03.02"]
[SourceQuality "1"]

1. d4 Nf6 2. Bg5 Ne4 3. Bf4 c5 4. f3 Qa5+ 5. c3 Nf6 6. d5 e6 7. e4 Qb6 8. Bc1 d6 9. Ne2 Be7 10. c4 0-0 11. Nec3 Bd7 12. Be2 Qd8 13. 0-0 Na6 14. f4 Qb8 15. Nd2 exd5 16. Nxd5 Nxd5 17. exd5 b5 18. b3 Bf6 19. Rb1 Bf5 20. Bb2 Bxb1 21. Bxf6 Bf5 22. Bc3 Qe8 23. Kh1 Qe3 24. Rf3 Qe8 25. Rg3 f6 26. cxb5 Nc7 27. Bb2 Nxb5 28. Nc4 Qe7 29. Ne3 Bd7 30. Bxb5 Bxb5 31. Nf5 Qe2 32. Rxg7+ Kh8 33. Qxe2 Bxe2 34. Re7 Bh5 35. Re6 Rae8 36. g4 Rxe6 37. dxe6 Be8 38. e7 Rf7 39. Nxd6 Kg8 40. Nxe8 Rxe7 41. Nxf6+ Kf7 42. Be5 h6 43. Ne4 Rd7 44. Kg2 Rd1 45. Kg3 Re1 46. Nxc5 Re2 47. a4 Rc2 48. b4 a5 49. Nd3 Rd2 50. Nb2 axb4 51. a5 Rd5 52. Kh4 Rxa5 53. Kh5 Ra6 54. h4 Rc6 55. Nd3 b3 56. Nb2 Ra6 57. Nd3 Rc6 58. Nb2 Ra6 59. Nc4 Rc6 60. Nd2 Rb6 61. Nxb3 Rxb3 62. Kxh6 Rb6+ 63. Kg5 Rg6+ 64. Kf5 Ra6 65. h5 Kg8 66. g5 Kh7 67. g6+ Kh6 68. g7 Ra8 69. Kg4 Re8 70. f5 Kh7 71. Kf4 Re7 72. f6 Rf7 73. Kf5 Ra7 74. Ke6 Ra6+ 75. Bd6 Ra1 76. f7 Rg1 77. g8Q+ Rxg8 78. fxg8Q+ Kxg8 79. Kf6 Kh7 80. Kg5 Kg7 81. Be5+ Kh7 82. h6 Kg8 83. Kg6 Kf8 84. h7 Ke7 85. h8Q 1-0

[Event "ROM-ch U14"]
[Site "Baile Felix"]
[Date "2017.02.02"]
[Round "1"]
[White "Juravle, Mihnea Marian"]
[Black "Purece, Victor"]
[Result "1-0"]
[WhiteElo "1965"]
[BlackElo "1501"]
[PlyCount "125"]
[EventDate "2017.02.02"]
[EventType "swiss"]
[EventRounds "9"]
[EventCountry "ROU"]
[SourceTitle "CBM 176 Extra"]
[Source "ChessBase"]
[SourceDate "2017.03.02"]
[SourceVersion "1"]
[SourceVersionDate "2017.03.02"]
[SourceQuality "1"]

1. e4 c5 2. Nc3 e6 3. f4 d6 4. Nf3 Nc6 5. Bb5 Qc7 6. 0-0 Nf6 7. d3 a6 8. Bxc6+ bxc6 9. Qe1 e5 10. fxe5 dxe5 11. Qg3 Nd7 12. Ng5 f6 13. Ne6 Qd6 14. Nxg7+ Bxg7 15. Qxg7 Rf8 16. Qxh7 Bb7 17. Bh6 Rf7 18. Qg8+ Nf8 19. Bxf8 Rxf8 20. Qc4 0-0-0 21. Na4 Rh8 22. Nxc5 Rdg8 23. Qe6+ Qxe6 24. Nxe6 Rg6 25. Nc5 Rgh6 26. Nxb7 Kxb7 27. h3 Rg6 28. Rf5 Rxh3 29. Rxf6 Rg8 30. Raf1 Rhg3 31. R1f2 Re3 32. a4 Re1+ 33. Rf1 Re2 34. R6f2 Re3 35. a5 c5 36. Rf6 Re2 37. R1f2 Re3 38. Rf7+ Kc6 39. c4 Rxd3 40. R7f6+ Rd6 41. Rxd6+ Kxd6 42. Rf6+ Kd7 43. Kf2 Rb8 44. Rb6 Rf8+ 45. Kg3 Rf4 46. b3 Rxe4 47. Kf3 Rd4 48. Ke3 Rg4 49. Rxa6 Rxg2 50. Ke4 Rb2 51. Rb6 Ra2 52. Kxe5 Rxa5 53. Kd5 Kd8 54. Rb5 Rxb5 55. cxb5 Kc7 56. Kxc5 Kb7 57. b6 Kb8 58. Kc6 Kc8 59. b7+ Kb8 60. b4 Ka7 61. Kc7 Ka6 62. b5+ Ka7 63. b8Q# 1-0

[Event "ROM-ch U14"]
[Site "Calimanesti Caciulata"]
[Date "2016.04.22"]
[Round "6"]
[White "Purece, Victor"]
[Black "Ursu, Adrian Dumitru"]
[Result "1-0"]
[WhiteElo "1541"]
[BlackElo "1001"]
[PlyCount "57"]
[EventDate "2016.04.18"]
[EventType "swiss"]
[EventRounds "9"]
[EventCountry "ROU"]
[SourceTitle "CBM 172 Extra"]
[Source "ChessBase"]
[SourceDate "2016.06.21"]
[SourceVersion "1"]
[SourceVersionDate "2016.06.21"]
[SourceQuality "1"]

1. d4 d5 2. c4 e6 3. Nc3 Nf6 4. cxd5 Nxd5 5. e4 Nxc3 6. bxc3 Nc6 7. Bb5 Bd7 8. Nf3 Be7 9. 0-0 0-0 10. Bf4 g5 11. Bxc6 Bxc6 12. Nxg5 Bxg5 13. Qg4 h6 14. h4 f6 15. hxg5 fxg5 16. Qxe6+ Kh7 17. Bg3 Bd7 18. Qc4 c6 19. Rab1 b5 20. Qb3 Qe7 21. Be5 Be6 22. Qc2 Qa3 23. Ra1 Bc4 24. Rfd1 Rf7 25. d5 Raf8 26. Bd4 cxd5 27. exd5+ Kg8 28. Qg6+ Rg7 29. Qxg7# 1-0

[Event "ROM-ch U12"]
[Site "Calimanesti"]
[Date "2015.04.02"]
[Round "5"]
[White "Magold, Victor"]
[Black "Purece, Victor"]
[Result "0-1"]
[WhiteElo "1160"]
[BlackElo "1468"]
[PlyCount "126"]
[EventDate "2015.03.30"]
[EventType "swiss"]
[EventRounds "9"]
[EventCountry "ROU"]
[SourceTitle "CBM 165 Extra"]
[Source "ChessBase"]
[SourceDate "2015.04.21"]
[SourceVersion "1"]
[SourceVersionDate "2015.04.21"]
[SourceQuality "1"]

1. e4 c5 2. Nf3 Nf6 3. d4 cxd4 4. Nxd4 g6 5. Be3 Bg7 6. Nc3 Nc6 7. Be2 0-0 8. 0-0 d6 9. f4 Qb6 10. Rb1 Nxe4 11. Nxe4 Bxd4 12. Bxd4 Qxd4+ 13. Qxd4 Nxd4 14. Bd3 Bf5 15. h3 Rac8 16. c3 Nc6 17. Rbd1 d5 18. Nc5 Bxd3 19. Nxd3 e6 20. Rfe1 Na5 21. Ne5 Nc4 22. Nxc4 Rxc4 23. g3 Rb8 24. Kf2 b5 25. a3 a5 26. Rd4 Rbc8 27. Re2 Rxd4 28. cxd4 b4 29. axb4 axb4 30. Ke3 Kf8 31. Kd3 b3 32. g4 Ke7 33. h4 Kf6 34. Ke3 h6 35. Rd2 g5 36. hxg5+ hxg5 37. Rd3 Rh8 38. fxg5+ Kxg5 39. Kd2 Rb8 40. Rf3 Rb7 41. Rg3 Kf4 42. Rg1 Rc7 43. Kd3 f6 44. Rf1+ Kg5 45. Re1 Rc6 46. Rg1 Rc2 47. Re1 Rxb2 48. Rxe6 Rh2 49. Kc3 b2 50. Rb6 Kxg4 51. Rxb2 Rxb2 52. Kxb2 Kf4 53. Kc2 Ke3 54. Kd1 Kxd4 55. Ke2 Ke4 56. Kd2 f5 57. Ke2 d4 58. Kd2 Kf3 59. Kd3 f4 60. Kxd4 Ke2 61. Ke4 f3 62. Kd4 f2 63. Ke4 f1Q 0-1